| 000 | 00365nam a22001337a 4500 | ||
|---|---|---|---|
| 020 | _a8120308891 | ||
| 040 | _cNUST | ||
| 082 |
_a005.133-C++ _bBAR |
||
| 100 |
_aBarkakati, Nabajyoti _980265 |
||
| 245 | _aObject-Oriented Programming in C++ | ||
| 260 |
_aNew Delhi: _bPrentice Hall of India, _c1999. |
||
| 650 | _aC++ (Computer program language) | ||
| 942 |
_2ddc _cBK |
||
| 999 |
_c611441 _d611441 |
||